[Event "Ungdoms-DM U14 2024"]
[Site "Odense"]
[Date "2024.10.06"]
[Round "4.14"]
[White "Mueller, Anker"]
[Black "Kjeldsen, Johannes Juel"]
[Result "1/2-1/2"]
[WhiteElo "1757"]
[BlackElo "1839"]
[WhiteFideId "1472070"]
[BlackFideId "1473263"]
[EventDate "2024.10.04"]
[EventType "swiss"]
[EventRounds "5"]
[EventCountry "DEN"]
[SourceTitle "Live v. Kasper Jerwiarz"]

1. e4 c5 2. Nf3 d6 3. d4 cxd4 4. Nxd4 Nf6 5. Nc3 a6 6. Be3 e5 7. Nb3 Be6 8. Be2 Be7 9. Bf3 Nbd7 10. O-O O-O 11. a4 b6 12. Qe2 Qc7 13. Rfd1 Rfd8 14. Rac1 Nf8 15. g3 Bc4 16. Qd2 Rab8 17. Nd5 Bxd5 18. exd5 N8d7 19. c4 Nc5 20. Bxc5 dxc5 21. Qe2 Bd6 22. Nd2 Qd7 23. b3 Re8 24. Re1 b5 25. axb5 axb5 26. Ra1 bxc4 27. Nxc4 e4 28. Bg2 Nxd5 29. Qd2 Be5 30. Nxe5 Rxe5 31. Bxe4 Nf6 32. Qxd7 Nxd7 33. Rad1 f5 34. Bxf5 Rxf5 35. Rxd7 Rxb3 36. Re8+ Rf8 37. Ree7 Rf6 38. Rxg7+ Kh8 39. Rxh7+ Kg8 40. Rh5 Rb1+ 41. Kg2 Rb2 42. Rg5+ Kf8 43. Rxc5 Rfxf2+ 44. Kh3 Rxh2+ 45. Kg4 Rb4+ 46. Kg5 Rb8 47. g4 Kg8 48. Rc6 Rh7 49. Rg6+ Kh8 50. Rd5 Rg7 51. Rxg7 Kxg7 52. Rd7+ Kg8 53. Kh6 Rb6+ 54. Kh5 Rb5+ 55. g5 Rb6 56. g6 Rb1 57. Rd8+ Kg7 58. Rd7+ Kg8 59. Rd5 Kg7 60. Rd7+ Kg8 61. Kh6 Rh1+ 1/2-1/2

[Event "Ungdoms-DM U14 2024"]
[Site "Odense"]
[Date "2024.10.06"]
[Round "4.15"]
[White "Andries, Leia"]
[Black "Fyhn, Buster Hulthin"]
[Result "1-0"]
[WhiteElo "1854"]
[BlackElo "1828"]
[WhiteFideId "1469207"]
[BlackFideId "1481800"]
[EventDate "2024.10.04"]
[EventType "swiss"]
[EventRounds "5"]
[EventCountry "DEN"]
[SourceTitle "Live v. Kasper Jerwiarz"]

1. e4 c6 2. d4 d5 3. e5 c5 4. Nf3 Nc6 5. c4 Bg4 6. cxd5 Qxd5 7. Nc3 Qd7 8. d5 Nd4 9. Nxd4 Bxd1 10. Bb5 cxd4 11. e6 fxe6 12. dxe6 Qc6 13. Bxc6+ bxc6 14. Nxd1 O-O-O 15. Bf4 g6 16. Rc1 Kb7 17. Be5 Nf6 18. Rc4 d3 19. Rb4+ Ka8 20. Kd2 Bh6+ 21. f4 Rhf8 22. g3 c5 23. Rc4 Kb7 24. Ne3 Nd5 25. Ng4 Bg5 26. fxg5 Rf5 27. h4 Nc7 28. Bxc7 Kxc7 29. Rf4 Rdf8 30. Rhf1 Kd6 31. Rxf5 gxf5 32. h5 Kxe6 33. Nh6 c4 34. g6 hxg6 35. hxg6 Kf6 36. Rxf5+ Kg7 37. Rf7+ Rxf7 38. gxf7 e5 39. g4 e4 40. g5 Kf8 41. g6 Kg7 42. Nf5+ Kf8 43. Nd4 Ke7 44. Nc6+ Kf8 45. Nd8 1-0

[Event "Ungdoms-DM U14 2024"]
[Site "Odense"]
[Date "2024.10.06"]
[Round "4.16"]
[White "Nielsen, Alexander"]
[Black "Khandelia, Atharva"]
[Result "0-1"]
[WhiteElo "1731"]
[BlackElo "1624"]
[WhiteFideId "1477021"]
[BlackFideId "1473255"]
[EventDate "2024.10.04"]
[EventType "swiss"]
[EventRounds "5"]
[EventCountry "DEN"]
[SourceTitle "Live v. Kasper Jerwiarz"]

1. e4 e5 2. Bc4 Nf6 3. Nc3 Nc6 4. Nf3 Bc5 5. d3 d6 6. Bg5 h6 7. Bh4 g5 8. Bg3 Bg4 9. Bb5 Bd7 10. h3 Ne7 11. Bxd7+ Qxd7 12. d4 exd4 13. Nxd4 O-O-O 14. Nb3 Bb4 15. Qd4 Bxc3+ 16. bxc3 Qe6 17. O-O Nc6 18. Qd3 h5 19. Nd4 Nxd4 20. Qxd4 h4 21. Bh2 g4 22. Qxa7 Rdg8 23. hxg4 Qxg4 24. Qa8+ Kd7 25. Qa4+ Ke7 26. g3 hxg3 27. Bxg3 Qf3 0-1

[Event "Ungdoms-DM U14 2024"]
[Site "Odense"]
[Date "2024.10.06"]
[Round "5.12"]
[White "Bjerg, Ludvig"]
[Black "Derlich, Sarah Sima"]
[Result "0-1"]
[WhiteElo "1802"]
[BlackElo "1847"]
[WhiteFideId "1477676"]
[BlackFideId "1469290"]
[EventDate "2024.10.04"]
[EventType "swiss"]
[EventRounds "5"]
[EventCountry "DEN"]
[SourceTitle "Live v. Kasper Jerwiarz"]

1. e4 c5 2. c3 Nc6 3. d4 cxd4 4. cxd4 d5 5. e5 Qb6 6. Nf3 Bg4 7. Nc3 Bxf3 8. Qxf3 e6 9. Bb5 Qxd4 10. Bf4 Ne7 11. O-O Ng6 12. Bg3 Bb4 13. Rad1 Qb6 14. Qe2 Bxc3 15. bxc3 O-O 16. Bxc6 Qxc6 17. Qd3 Rfc8 18. Rc1 b5 19. Qd4 Qc4 20. Qd2 Rc7 21. Qb2 Rac8 22. h3 Qa4 23. a3 Qa5 24. f3 Rc4 25. Kh2 h5 26. Rb1 a6 27. Rbc1 Qc7 0-1

[Event "Ungdoms-DM U14 2024"]
[Site "Odense"]
[Date "2024.10.06"]
[Round "5.13"]
[White "Khandelia, Atharva"]
[Black "Sandmann, Villads Majvang"]
[Result "0-1"]
[WhiteElo "1624"]
[BlackElo "2066"]
[WhiteFideId "1473255"]
[BlackFideId "1472313"]
[EventDate "2024.10.04"]
[EventType "swiss"]
[EventRounds "5"]
[EventCountry "DEN"]
[SourceTitle "Live v. Kasper Jerwiarz"]

1. f4 d5 2. Nf3 g6 3. g3 Bg7 4. Bg2 Nf6 5. O-O O-O 6. d3 c5 7. Qe1 Nc6 8. e4 dxe4 9. dxe4 e5 10. Nc3 Re8 11. fxe5 Nxe5 12. Bg5 Nxf3+ 13. Bxf3 Qd4+ 14. Qf2 Ng4 15. Bxg4 Qxf2+ 16. Kxf2 Bxg4 17. Rfe1 h6 18. Be3 b6 19. Rab1 Kh7 20. Nd5 Rxe4 21. Bxh6 Rxe1 22. Rxe1 Kxh6 0-1

[Event "Ungdoms-DM U14 2024"]
[Site "Odense"]
[Date "2024.10.06"]
[Round "5.14"]
[White "Mueller, Anker"]
[Black "Andries, Leia"]
[Result "0-1"]
[WhiteElo "1757"]
[BlackElo "1854"]
[WhiteFideId "1472070"]
[BlackFideId "1469207"]
[EventDate "2024.10.04"]
[EventType "swiss"]
[EventRounds "5"]
[EventCountry "DEN"]
[SourceTitle "Live v. Kasper Jerwiarz"]

1. e4 c5 2. d4 cxd4 3. Qxd4 Nc6 4. Qd3 Nf6 5. Nc3 e6 6. Bg5 Bb4 7. Ne2 Qa5 8. Bxf6 gxf6 9. a3 b6 10. O-O-O Bc5 11. Nb5 Ne5 12. Qb3 Ke7 13. h3 a6 14. Nbd4 Bb7 15. Nc3 Nc6 16. Nxc6+ Bxc6 17. f4 Be3+ 18. Kb1 Bxf4 19. Be2 Rac8 20. Rhf1 Be5 21. Nd5+ exd5 22. exd5 Ba4 23. d6+ Ke8 24. Qe3 Bxc2+ 25. Ka2 Bxd1 26. Rxf6 Qd5+ 0-1

[Event "Ungdoms-DM U14 2024"]
[Site "Odense"]
[Date "2024.10.06"]
[Round "5.15"]
[White "Kjeldsen, Johannes Juel"]
[Black "Bohr, Charlie Birch"]
[Result "1/2-1/2"]
[WhiteElo "1839"]
[BlackElo "1500"]
[WhiteFideId "1473263"]
[EventDate "2024.10.04"]
[EventType "swiss"]
[EventRounds "5"]
[EventCountry "DEN"]
[SourceTitle "Live v. Kasper Jerwiarz"]

1. e4 e5 2. Nc3 Nf6 3. f4 d5 4. fxe5 Nxe4 5. Qf3 Nxc3 6. bxc3 c5 7. d4 cxd4 8. cxd4 Qh4+ 9. Qf2 Bb4+ 10. Ke2 Qe4+ 11. Kd1 Bc3 12. Rb1 Bxd4 13. Qe2 Qxe2+ 14. Bxe2 Bxe5 15. Rb5 O-O 16. Rxd5 Bf6 17. a3 b6 18. Bf3 Bb7 19. Rd3 Bxf3+ 20. Nxf3 Nc6 21. Ke2 Rad8 22. Rhd1 Rxd3 23. Rxd3 Rd8 24. Bf4 Rxd3 25. Kxd3 b5 26. Be3 Kf8 27. Nd4 Bxd4 28. Bxd4 g6 29. Ke4 Ke7 30. Be3 Ke6 31. g3 a6 32. c3 1/2-1/2

[Event "Ungdoms-DM U14 2024"]
[Site "Odense"]
[Date "2024.10.06"]
[Round "5.16"]
[White "Justesen, Laurits Skovgaard"]
[Black "Nielsen, Johannes Smedegaard"]
[Result "0-1"]
[WhiteElo "1730"]
[BlackElo "1682"]
[WhiteFideId "1482300"]
[BlackFideId "1472860"]
[EventDate "2024.10.04"]
[EventType "swiss"]
[EventRounds "5"]
[EventCountry "DEN"]
[SourceTitle "Live v. Kasper Jerwiarz"]

1. Nf3 d5 2. c4 e6 3. g3 Nf6 4. Bg2 g6 5. b3 Bg7 6. Bb2 O-O 7. Nc3 Nbd7 8. O-O c6 9. d3 b6 10. Na4 b5 11. Nc3 b4 12. Na4 a5 13. c5 Ba6 14. Ne5 Nxe5 15. Bxe5 Ne8 16. Bxg7 Kxg7 17. d4 Nc7 18. Re1 Re8 19. e3 Nb5 20. Bf1 Na3 21. Nb6 Ra7 22. Bd3 Bxd3 23. Qxd3 Nb5 24. Na4 e5 25. f4 exd4 26. exd4 Rae7 27. Rxe7 Qxe7 28. Nb6 Qe3+ 29. Qxe3 Rxe3 30. Kf2 Re4 31. Re1 Rxe1 32. Kxe1 Nxd4 33. Kf2 Kf6 34. Nd7+ Kf5 35. Ne5 Ke4 36. Nxf7 Kd3 37. Ne5+ Kc3 38. Ke3 Nf5+ 39. Ke2 d4 40. Nd3 Ne7 41. g4 Kc2 42. Ne1+ Kb2 43. Kd3 Kxa2 44. Kc2 Nd5 45. Ng2 a4 46. h4 axb3+ 47. Kd2 b2 48. h5 b1=Q 49. f5 0-1